000 01391nmc a2200349 a 4500
003 AR-BaBNM
005 20251128203850.0
008 227019s1967 ||||||||||||||000 | spa||
040 _cAR-BaBNM
100 1 _aGordon, Ira J.
245 1 0 _aEl maestro y su función orientadora
_bconceptos sobre el desarrollo humano y su aplicación en el aula
250 _a1ª ed.
260 _aMéxico, D.F.
_bUTEHA
_c1967
300 1 _axii, 282 p.
_bdiagr., tablas, láms.
490 0 _aBiblioteca clásicos y modernos de educación
500 0 _aContiene índice
500 1 _aEsta publicación ha sido preparada conjuntamente por la editorial y el Centro Regional de Ayuda Técnica, Agencia para el Desarrollo Internacional AID, Departamento de Estado del Gobierno de los Estados Unidos de América. El Centro es una organización dedi
500 0 _aUTEHA: Unión Tipográfica Editorial Hispano Americana
504 _aContiene bibliografía al final de cada capítulo
650 4 _aROL DEL DOCENTE
650 4 _aORIENTACION ESCOLAR
650 4 _aFORMACION DE DOCENTES
650 4 _aPRACTICA DOCENTE
650 4 _aCONSEJEROS PEDAGOGICOS
650 4 _aDESARROLLO DEL NINO
650 4 _aEXPERIENCIA DEL DOCENTE
650 4 _aDESARROLLO DE DESTREZAS
700 1 _aMoreno Cañadas, Carlos
_etraductor
700 1 _aFowlkes, John Fuy
_eprologuista
942 _cBK
998 _csilvi
999 _c5239
_d5239